E-conveyancing: still offline? (Record no. 67038)
[ view plain ]
| 000 -LEADER | |
|---|---|
| fixed length control field | 01537cam a2200265 4500 |
| 001 - CONTROL NUMBER | |
| control field | ABS64052 |
| 008 - FIXED-LENGTH DATA ELEMENTS--GENERAL INFORMATION | |
| fixed length control field | 000000n2001 000 0 eng u |
| 035 ## - SYSTEM CONTROL NUMBER | |
| System control number | (Sirsi) u112615 |
| 100 ## - MAIN ENTRY--PERSONAL NAME | |
| Personal name | Kalton, M |
| 245 ## - TITLE STATEMENT | |
| Title | E-conveyancing: still offline? |
| 260 ## - PUBLICATION, DISTRIBUTION, ETC. | |
| Date of publication, distribution, etc. | 2001 |
| 490 ## - SERIES STATEMENT | |
| Series statement | Solicitors' Journal |
| Volume/sequential designation | 145(17) 4 May 2001, 401-402(2) |
| 520 ## - SUMMARY, ETC. | |
| Summary, etc. | Discusses the scope and implications of the recent consultation paper, "Electronic Conveyancing, a draft order under section 8 of the Electronic Communications Act 2000", in the context of conducting the whole conveyancing process electronically. Outlines the key elements of the draft regulations which will allow the use of electronic contracts and signatures, and summaries the current law regarding the form of contracts and conveyances. Considers the impact of the Homes Bill and sellers information packs and questions whether a role for lawyers will still exist in the future. Concludes that the draft regulations only cover a small part of the conveyancing process, and introducing electronic contracts and signatures alone will not greatly increase speed. |
| 590 ## - LOCAL NOTE (RLIN) | |
| Local note | ABS |
| 650 ## - SUBJECT ADDED ENTRY--TOPICAL TERM | |
| Topical term or geographic name entry element | ECONVEYANCING |
| 650 ## - SUBJECT ADDED ENTRY--TOPICAL TERM | |
| Topical term or geographic name entry element | HOMES BILL 2001 |
| 650 ## - SUBJECT ADDED ENTRY--TOPICAL TERM | |
| Topical term or geographic name entry element | E-SIGNATURES |
| 650 ## - SUBJECT ADDED ENTRY--TOPICAL TERM | |
| Topical term or geographic name entry element | ELECTRONIC CONTRACTS |
| 650 ## - SUBJECT ADDED ENTRY--TOPICAL TERM | |
| Topical term or geographic name entry element | ELECTRONIC COMMUNICATIONS ACT 2000 |
| 650 ## - SUBJECT ADDED ENTRY--TOPICAL TERM | |
| Topical term or geographic name entry element | PROPERTY-RESIDENTIAL PROPERTY-ACQUISITION AND DISPOSAL OF RESIDENTIAL PROPERTY |
| 650 ## - SUBJECT ADDED ENTRY--TOPICAL TERM | |
| Topical term or geographic name entry element | HOME INFORMATION PACKS |
| 690 ## - LOCAL SUBJECT ADDED ENTRY--TOPICAL TERM (OCLC, RLIN) | |
| Topical term or geographic name as entry element | PROPERTY AND LAND LAW-CONVEYANCING |
| 700 ## - ADDED ENTRY--PERSONAL NAME | |
| Personal name | Richards, M |
| 942 ## - ADDED ENTRY ELEMENTS (KOHA) | |
| Suppress in OPAC | 0 |
| Withdrawn status | Lost status | Source of classification or shelving scheme | Damaged status | Not for loan | Home library | Current library | Shelving location | Date acquired | Total Checkouts | Full call number | Barcode | Date last seen | Copy number | Price effective from | Koha item type |
|---|---|---|---|---|---|---|---|---|---|---|---|---|---|---|---|
| Dewey Decimal Classification | London | London | Journal article | 16/05/2001 | ABS64052 | 112615-1001 | 06/08/2019 | 1 | 06/08/2019 | Journal article |